War and peace / (Record no. 802)

MARC details
000 -LEADER
fixed length control field 01571cam a2200433 a 4500
001 - CONTROL NUMBER
control field 15102608
003 - CONTROL NUMBER IDENTIFIER
control field OSt
005 - DATE AND TIME OF LATEST TRANSACTION
control field 20230607102351.0
008 - FIXED-LENGTH DATA ELEMENTS--GENERAL INFORMATION
fixed length control field 071204r20071968nyu b 000 f eng d
010 ## - LIBRARY OF CONGRESS CONTROL NUMBER
LC control number 2007300045
020 ## - INTERNATIONAL STANDARD BOOK NUMBER
International Standard Book Number 9780451530547
020 ## - INTERNATIONAL STANDARD BOOK NUMBER
International Standard Book Number 0451530543
035 ## - SYSTEM CONTROL NUMBER
System control number (OCoLC)ocn144808275
040 ## - CATALOGING SOURCE
Original cataloging agency BNY
Transcribing agency BNY
Modifying agency BAKER
-- DLC
041 1# - LANGUAGE CODE
Language code of text/sound track or separate title eng
Language code of original rus
042 ## - AUTHENTICATION CODE
Authentication code lccopycat
043 ## - GEOGRAPHIC AREA CODE
Geographic area code e-ur---
-- e-fr---
050 00 - LIBRARY OF CONGRESS CALL NUMBER
Classification number PG3366
Item number .V6 2007b
082 00 - DEWEY DECIMAL CLASSIFICATION NUMBER
Classification number 891.73/3
Edition number 22
100 1# - MAIN ENTRY--PERSONAL NAME
Personal name Tolstoy, Leo,
Titles and words associated with a name graf,
Dates associated with a name 1828-1910.
240 10 - UNIFORM TITLE
Uniform title Voĭna i mir.
Language of a work English
245 10 - TITLE STATEMENT
Title War and peace /
Statement of responsibility, etc. Leo Tolstoy ; translated by Ann Dunnigan ; with a new introduction by Pat Conroy.
260 ## - PUBLICATION, DISTRIBUTION, ETC. (IMPRINT)
Place of publication, distribution, etc. New York :
Name of publisher, distributor, etc. Signet Classic,
Date of publication, distribution, etc. 2007.
300 ## - PHYSICAL DESCRIPTION
Extent 1455 p. ;
Dimensions 18 cm.
490 0# - SERIES STATEMENT
Series statement Signet classics
500 ## - GENERAL NOTE
General note Translation of: Voĭna i mir.
504 ## - BIBLIOGRAPHY, ETC. NOTE
Bibliography, etc Includes bibliographical references (p. 18-19).
650 #0 - SUBJECT ADDED ENTRY--TOPICAL TERM
Topical term or geographic name as entry element Napoleonic Wars, 1800-1815
General subdivision Campaigns
Geographic subdivision Russia
Form subdivision Fiction.
651 #0 - SUBJECT ADDED ENTRY--GEOGRAPHIC NAME
Geographic name Russia
General subdivision History
Chronological subdivision Alexander I, 1801-1825
Form subdivision Fiction.
655 #7 - INDEX TERM--GENRE/FORM
Genre/form data or focus term Historical fiction.
Source of term gsafd
655 #7 - INDEX TERM--GENRE/FORM
Genre/form data or focus term War stories.
Source of term gsafd
700 1# - ADDED ENTRY--PERSONAL NAME
Personal name Dunnigan, Ann.
700 1# - ADDED ENTRY--PERSONAL NAME
Personal name Conroy, Pat.
856 42 - ELECTRONIC LOCATION AND ACCESS
Materials specified Publisher description
Uniform Resource Identifier <a href="http://www.loc.gov/catdir/enhancements/fy0806/2007300045-d.html">http://www.loc.gov/catdir/enhancements/fy0806/2007300045-d.html</a>
856 42 - ELECTRONIC LOCATION AND ACCESS
Materials specified Contributor biographical information
Uniform Resource Identifier <a href="http://www.loc.gov/catdir/enhancements/fy1204/2007300045-b.html">http://www.loc.gov/catdir/enhancements/fy1204/2007300045-b.html</a>
906 ## - LOCAL DATA ELEMENT F, LDF (RLIN)
a 7
b cbc
c copycat
d 2
e ncip
f 20
g y-gencatlg
942 ## - ADDED ENTRY ELEMENTS (KOHA)
Source of classification or shelving scheme Dewey Decimal Classification
Koha item type Books
Holdings
Withdrawn status Lost status Source of classification or shelving scheme Damaged status Not for loan Home library Current library Date acquired Total Checkouts Full call number Barcode Date last seen Price effective from Koha item type
    Dewey Decimal Classification     Bunge Tower Library Bunge Tower Library 06/07/2023   809.3 TOL 10014590 06/07/2023 06/07/2023 Books
    Dewey Decimal Classification     Bunge Tower Library Bunge Tower Library 06/07/2023   809.3 TOL 10014591 06/07/2023 06/07/2023 Books
LIBRARY OPENING HOURS

When the Parliament is sitting: 8.00a.m - 7.00p.m or until the house adjourns
Mondays and Fridays and when the House is on Recess:  8.00a.m - 5.00p.m
Closed on Weekends and Public Holidays

Online Public Access Catalog (OPAC)
Website: http://www.parliament.go.ke
Bunge Library: https://libraryir.parliament.go.ke
Contact: library@parliament.go.ke | Tel no: (254-2)2221291 or 2848000 Ext 5043